[Event "Mechanics' Fall TNM; 30/90, SD/30"]
[Site "San Francisco"]
[Date "2014.11.18"]
[Round "4.4"]
[White "Sahin, Ozgur"]
[Black "Stearman, Josiah"]
[Result "0-1"]
[WhiteElo "1969"]
[BlackElo "2185"]
[Annotator "Donaldson"]
[PlyCount "112"]
[EventDate "2014.??.??"]

1. d4 Nf6 2. c4 g6 3. Nc3 Bg7 4. e4 d6 5. Be3 O-O 6. Nf3 Nbd7 7. Be2 e5 8. d5
Ng4 9. Bg5 f6 10. Bh4 g5 11. Bg3 Nh6 12. h4 (12. Nd2 f5 13. exf5 Nf6 14. Nde4
Nxe4 15. Nxe4 Bxf5 16. Bd3 g4 17. O-O {is the well-tested main line considered
to be slightly better for White - the knight on e4 is superior to the bishop
on g7.}) 12... g4 13. Nh2 (13. Nd2 f5 14. exf5 Nf6 15. Nde4 Nxe4 16. Nxe4 Bxf5
17. Bd3 $14) 13... f5 14. exf5 Nf6 $2 (14... Nxf5 15. Nxg4 Nc5 $11 {was better.
}) 15. Nxg4 Nxf5 16. Nxf6+ Qxf6 17. Ne4 Qe7 18. Bg4 {Diagram #} Nxg3 19. Nxg3
$2 (19. fxg3 $18 {White is strategically winning after the exchange of
light-squared bishops - an extreme case of good knight versus bad bishop.})
19... Bxg4 20. Qxg4 Rf4 21. Nf5 (21. Qe2 Rg4 (21... Rxh4 22. Rxh4 Qxh4 23.
O-O-O Qg5+ {and White has a hard time anchoring his knight on e4.} 24. Kb1 Qg6+
25. Ne4 (25. Qe4 Rf8 26. Rf1 Rf4) (25. Ka1 Rf8 26. Ne4 Qxg2) 25... Qxg2)) 21...
Rxg4 22. Nxe7+ Kf7 23. Nf5 Rxc4 $11 24. Ne3 Rd4 25. Rc1 Rc8 26. Rh3 Bf6 27. g4
Rf4 $2 (27... e4 {activates the bishop}) 28. Ke2 (28. Nf5 $1) 28... c5 29. f3
b5 30. b3 Rd4 31. Rd1 c4 32. Nf5 Rxd1 33. Nxd6+ Kf8 34. Kxd1 Rd8 35. Ne4 Rxd5+
36. Kc2 Be7 37. bxc4 bxc4 38. Kc3 Rd4 39. g5 a5 40. h5 Bb4+ 41. Kb2 Rd3 42. h6
$2 (42. Kc2 $11) 42... Kf7 43. Rg3 Kg6 44. Kc2 Ra3 45. Kb1 Re3 46. Kc2 Re2+ 47.
Kb1 c3 48. Rg1 a4 49. Rc1 Re3 50. Rf1 a3 51. Kc2 $2 (51. Rf2) 51... Re2+ 52.
Kb3 Rb2+ 53. Kc4 c2 54. Nc3 Bxc3 55. Kxc3 Kxg5 56. Rf2 c1=Q+ 0-1

[Event "Mechanics' Whitehead TNM; 30/90, SD/30"]
[Site "San Francisco"]
[Date "2014.09.09"]
[Round "6.10"]
[White "Sahin, Ozgur"]
[Black "Thornally, Frank"]
[Result "0-1"]
[WhiteElo "1969"]
[BlackElo "2200"]
[Annotator "Donaldson"]
[PlyCount "52"]
[EventDate "2014.??.??"]

1. d4 d6 2. c4 e5 3. d5 f5 4. Nc3 Nf6 5. Bg5 Be7 6. Bxf6 Bxf6 7. e4 O-O 8. Bd3
g6 9. Nf3 Na6 10. a3 Nc5 11. Bc2 a5 12. Rb1 Bg7 13. b4 $4 {
Starting action on the queenside before castling is a serious mistake.} (13.
O-O {was normal and would have offered equal chances.}) 13... axb4 14. axb4
Nxe4 15. Nxe4 fxe4 16. Bxe4 {Diagram #} Rf4 $3 {This shot wins on the spot.}
17. Qe2 $2 {This hastens the end but the alternatives were also not great.} (
17. Bc2 Bg4 $1 18. O-O Qf6 {simplest, piling on the pressure although} (18...
e4 19. Qd2 Rxf3 20. gxf3 Bxf3 {also gets the job done.})) (17. Nd2 {
was relatively best but after} Ra2 18. O-O Rxd2 19. Qxd2 Rxe4 {
Black has two strong bishops for a rook and the final result is not in doubt.})
17... Rxe4 18. Qxe4 Bf5 19. Qe3 Bxb1 20. O-O Bf5 21. Nd2 Qh4 22. Qc3 e4 23. Qe3
Ra2 24. f4 Qf6 25. Nb3 Qc3 26. Re1 Rb2 0-1

[Event "Mechanics' Spring TNM; 30/90, SD/30"]
[Site "San Francisco"]
[Date "2014.04.22"]
[Round "6.8"]
[White "Sahin, Ozgur"]
[Black "Thornally, Frank"]
[Result "1-0"]
[WhiteElo "1913"]
[BlackElo "2200"]
[PlyCount "69"]
[EventDate "2014.??.??"]

1. d4 Nf6 2. c4 e6 3. Nf3 d5 4. cxd5 exd5 5. Nc3 Bf5 6. Qb3 b6 7. Bg5 c6 8. e3
Be7 9. Be2 O-O 10. O-O Ne4 11. Bf4 Bd6 12. Bxd6 Qxd6 13. Nxe4 Bxe4 14. Rac1 Rc8
15. Rfd1 Nd7 16. Ng5 Bf5 17. g4 Qf6 18. Nh3 Qh4 19. gxf5 Qxh3 20. Rc3 Qxf5 21.
f3 Rc7 22. Rf1 c5 23. e4 Qg5+ 24. Kh1 c4 25. Qc2 Nf6 26. f4 Qh4 27. exd5 b5 28.
d6 Rd7 29. Qf5 g6 30. Qxb5 Rxd6 31. Qb7 Re8 32. Bxc4 Rd7 33. Qg2 Ne4 34. Rh3
Qf6 35. Bb5 1-0

[Event "Mechanics' Whitehead TNM; 30/90, SD/30"]
[Site "San Francisco"]
[Date "2014.09.23"]
[Round "8.6"]
[White "Sahin, Ozgur"]
[Black "Uzzaman, Ashik"]
[Result "1-0"]
[WhiteElo "1969"]
[BlackElo "2102"]
[Annotator "Donaldson"]
[PlyCount "119"]
[EventDate "2014.??.??"]

1. d4 Nf6 2. c4 e6 3. Nf3 Bb4+ 4. Bd2 Qe7 5. Qc2 O-O 6. e3 Bxd2+ 7. Nbxd2 c5 8.
Bd3 Nc6 9. a3 e5 10. d5 Nd8 11. O-O d6 12. h3 a5 13. g4 g6 14. Kh2 Bd7 15. Rg1
Rb8 16. a4 b6 17. Ne4 Nxe4 18. Bxe4 Kh8 19. g5 f5 20. gxf6 Qxf6 21. Rg3 Nf7 22.
Rag1 Bf5 23. Bxf5 gxf5 24. Ng5 Nxg5 25. Rxg5 f4 26. Rh5 Qf7 27. Rg6 fxe3 28.
fxe3 Rbd8 29. Rhh6 Rg8 30. Rf6 Qg7 31. Qf2 e4 $2 (31... Rgf8 32. Qh4 $16) 32.
Rh4 Rdf8 $2 {Diagram #} 33. Rxh7+ Qxh7 34. Rxf8 Qe7 35. Qf6+ Qxf6 36. Rxf6 Rd8
37. Re6 Kg7 38. Rxe4 Kf6 39. Kg3 Kf5 40. Re6 Rg8+ 41. Kh2 Rd8 42. b3 Rd7 43.
Kg3 Rg7+ 44. Kf3 Rh7 45. e4+ Kg5 46. Kg3 Rd7 47. e5 dxe5 48. Rxe5+ Kf6 49. Re6+
Kf5 50. h4 Rg7+ 51. Kh3 Rb7 52. h5 Kg5 53. h6 Kh5 54. d6 Rd7 55. Kg3 Kg5 56. h7
Rxh7 57. Re7 Rh6 58. Re5+ Kf6 59. d7 Kxe5 60. d8=Q 1-0

[Event "Mechanics' Spring TNM; 30/90, SD/30"]
[Site "San Francisco"]
[Date "2014.04.15"]
[Round "5.12"]
[White "Sahin, Ozgur"]
[Black "Vazquez, Erasmo"]
[Result "1-0"]
[WhiteElo "1913"]
[BlackElo "1683"]
[PlyCount "91"]
[EventDate "2014.??.??"]

1. d4 d5 2. c4 c6 3. e3 Nf6 4. Nc3 a6 5. Qc2 Nbd7 6. Bd3 e5 7. cxd5 cxd5 8.
dxe5 Nxe5 9. Be2 Be6 10. Nf3 Bd6 11. O-O Qc7 12. h3 O-O 13. Bd2 Rac8 14. Qa4
Bd7 15. Qb3 Be6 16. Nd4 Nc4 17. Bxc4 dxc4 18. Qd1 Qd7 19. Qf3 Bc5 20. Nce2 Bd5
21. Qf5 Qxf5 22. Nxf5 Be4 23. Nfg3 Bd3 24. Rfe1 g5 25. Nc3 b5 26. e4 h6 27. e5
Nd7 28. Nd5 Rce8 29. Nh5 Be7 30. Nxe7+ Rxe7 31. Bb4 Rxe5 32. Bxf8 Kxf8 33. Rxe5
Nxe5 34. Re1 Nc6 35. Nf6 b4 36. Nd7+ Kg7 37. Nc5 Bg6 38. Nxa6 c3 39. bxc3 bxc3
40. a3 c2 41. Nb4 Nd4 42. Na2 Bd3 43. Nc1 Bc4 44. Re4 Ne2+ 45. Rxe2 Bxe2 46.
Nxe2 1-0

[Event "Mechanics' Fall TNM; 30/90, SD/30"]
[Site "San Francisco"]
[Date "2014.12.02"]
[Round "6.18"]
[White "Sahin, Ozgur"]
[Black "Xu, Linmiao"]
[Result "1-0"]
[WhiteElo "1969"]
[BlackElo "1424"]
[PlyCount "101"]
[EventDate "2014.??.??"]

1. d4 Nf6 2. c4 c5 3. d5 b5 4. cxb5 a6 5. bxa6 Bxa6 6. Nc3 d6 7. g3 Nbd7 8. Bg2
g6 9. Nf3 Bg7 10. O-O O-O 11. Re1 Qa5 12. e4 Rfb8 13. Qc2 Nb6 14. Rb1 Nfd7 15.
a3 Nc4 16. Bd2 Nxd2 17. Nxd2 Ne5 18. Bf1 Bxf1 19. Kxf1 Rb7 20. Kg2 Rab8 21. f4
Nd7 22. Nc4 Qa6 23. b3 Nb6 24. Nxb6 Rxb6 25. a4 Bxc3 26. Qxc3 Qb7 27. Re3 Rb4
28. Ra1 f5 29. Qd3 Rd4 30. Qc2 fxe4 31. Rd1 Qxd5 32. Rxd4 cxd4 33. Qxe4 Qxe4+
34. Rxe4 d3 35. Kf2 Kf7 36. b4 d5 37. Rd4 e5 38. fxe5 Ke6 39. Ke3 Kxe5 40. Kxd3
Rf8 41. Rf4 Ra8 42. b5 g5 43. Rb4 Kd6 44. Kd4 Re8 45. b6 Re4+ 46. Kc3 Re3+ 47.
Kd2 Re8 48. b7 Rb8 49. a5 Kc5 50. Rb2 Kc6 51. a6 1-0

[Event "Mechanics' Whitehead TNM; 30/90, SD/30"]
[Site "San Francisco"]
[Date "2014.08.05"]
[Round "1.18"]
[White "Sahin, Ozgur Dogan"]
[Black "Ross, David Yaguda"]
[Result "0-1"]
[WhiteElo "1969"]
[BlackElo "1348"]
[PlyCount "62"]
[EventDate "2014.??.??"]

1. d4 Nf6 2. c4 c5 3. d5 b5 4. cxb5 a6 5. e3 g6 6. Nc3 Bg7 7. Nf3 d6 8. bxa6
Nxa6 9. Bb5+ Bd7 10. Bxd7+ Qxd7 11. O-O O-O 12. Bd2 Rfb8 13. Rb1 Nb4 14. a3
Nbxd5 15. Qc2 Rb6 16. Nxd5 Nxd5 17. e4 Nc7 18. Bc3 Qa4 19. Qxa4 Rxa4 20. Bxg7
Kxg7 21. Nd2 Rd4 22. Rfd1 Nb5 23. Rbc1 Ra4 24. Nc4 Rb7 25. f3 Nd4 26. Kf1 Ra8
27. Rb1 Rab8 28. Rd3 f6 29. Rd2 Kf7 30. Na5 Rb5 31. b4 Rxa5 0-1

[Event "Mechanics' Fall TNM; 30/90, SD/30"]
[Site "San Francisco"]
[Date "2014.12.16"]
[Round "8.8"]
[White "Sarafian, Greg"]
[Black "Doyle, Bryon"]
[Result "0-1"]
[WhiteElo "1926"]
[BlackElo "2099"]
[PlyCount "85"]
[EventDate "2014.??.??"]

1. d4 Nf6 2. c4 c5 3. d5 b5 4. cxb5 a6 5. bxa6 Bxa6 6. Nc3 g6 7. Nf3 d6 8. g3
Bg7 9. Bg2 Nbd7 10. Rb1 O-O 11. O-O Ng4 12. Re1 Qb6 13. Qc2 Nge5 14. Bg5 h6 15.
Bc1 Rfb8 16. Nd2 Qa7 17. b3 Nb6 18. h3 c4 19. Bb2 cxb3 20. axb3 Rc8 21. Qe4
Nbd7 22. Na4 Bb7 23. Bd4 Qa5 24. f4 Qxd2 25. fxe5 Bxe5 26. Bxe5 dxe5 27. Red1
Qa5 28. Qe3 Qa7 29. Qxa7 Rxa7 30. Rbc1 Rxc1 31. Rxc1 Ba6 32. Kf2 f5 33. d6 exd6
34. Rc6 Bb5 35. Rxd6 Bxa4 36. bxa4 Kg7 37. Bc6 Nc5 38. Rd1 Rc7 39. Bb5 Ne4+ 40.
Kg2 Kf6 41. Rd8 Rc3 42. Bd3 Nc5 43. Bb5 0-1

[Event "Mechanics' Fall TNM; 30/90, SD/30"]
[Site "San Francisco"]
[Date "2014.11.18"]
[Round "4.18"]
[White "Sarafian, Greg"]
[Black "Handler, Andrew Todd"]
[Result "1/2-1/2"]
[WhiteElo "1926"]
[BlackElo "1652"]
[PlyCount "50"]
[EventDate "2014.??.??"]

1. d4 e6 2. Nf3 f5 3. Bg5 Be7 4. h4 Nf6 5. Nbd2 d6 6. Bxf6 Bxf6 7. e4 e5 8.
dxe5 dxe5 9. Bd3 f4 10. Bc4 Nc6 11. Ng5 Bxg5 12. Qh5+ g6 13. Qxg5 Qxg5 14. hxg5
Ke7 15. O-O-O Bd7 16. Rh4 Be6 17. Bxe6 Kxe6 18. Rdh1 Raf8 19. Rxh7 Rxh7 20.
Rxh7 Rf7 21. Rh6 Rg7 22. c3 Nd8 23. Nf3 Nf7 24. Rh1 Nd6 25. Nd2 Nf7 1/2-1/2

[Event "Mechanics' Fall TNM; 30/90, SD/30"]
[Site "San Francisco"]
[Date "2014.11.04"]
[Round "3.18"]
[White "Sarafian, Greg"]
[Black "Oyuntseren, Togtokh"]
[Result "1-0"]
[WhiteElo "1926"]
[BlackElo "1561"]
[PlyCount "95"]
[EventDate "2014.??.??"]

1. d4 d5 2. c4 c6 3. Nf3 Nf6 4. Nc3 Nbd7 5. e3 b6 6. Bd3 e6 7. O-O Be7 8. e4
dxe4 9. Nxe4 Bb7 10. Bg5 Nxe4 11. Bxe7 Qxe7 12. Bxe4 Nf6 13. Bc2 O-O-O 14. Qe2
h6 15. Rfd1 Rhe8 16. a3 Qc7 17. b4 g5 18. Ne5 Re7 19. h3 Nd7 20. Nf3 f6 21. c5
b5 22. a4 Ba6 23. Bd3 Qb7 24. axb5 Bxb5 25. Bxb5 Qxb5 26. Qxb5 cxb5 27. Rxa7
Rde8 28. Rda1 Nb8 29. Rxe7 Rxe7 30. Ra5 Rb7 31. d5 exd5 32. Nd4 Kd7 33. Ra8 h5
34. Kh2 Kc7 35. Kg3 Nc6 36. Nxc6 Kxc6 37. Ra6+ Kc7 38. Rxf6 Rb8 39. Rd6 Rd8 40.
Rxd8 Kxd8 41. Kf3 Ke7 42. Ke3 Kd7 43. Kd4 Ke6 44. g3 g4 45. h4 Kd7 46. Kxd5 Kc7
47. Ke6 Kc6 48. Ke5 1-0

[Event "Mechanics' Winter TNM; 30/90, SD/30"]
[Site "San Francisco"]
[Date "2014.01.21"]
[Round "3.15"]
[White "Sarafian, Greg"]
[Black "Starr, Albert"]
[Result "1-0"]
[WhiteElo "1862"]
[BlackElo "1570"]
[PlyCount "77"]
[EventDate "2014.??.??"]

1. d4 f5 2. Nf3 e6 3. Bg5 Be7 4. h4 h6 5. Bf4 g6 6. Ne5 Rh7 7. Nxg6 Rg7 8. h5
d6 9. Qd2 Rh7 10. Nc3 Bf6 11. e4 Nc6 12. Bb5 Bd7 13. e5 dxe5 14. dxe5 Bg5 15.
Qe3 Bxf4 16. Nxf4 Qg5 17. O-O-O Qg7 18. Bxc6 bxc6 19. Rh3 Ne7 20. Rg3 Qf7 21.
Qc5 Nc8 22. Ng6 Rg7 23. Ne2 Rb8 24. Rgd3 Nb6 25. c4 a5 26. Nd4 Na4 27. Qa7 Rc8
28. c5 Rxg6 29. hxg6 Qxg6 30. Rg3 Qf7 31. f4 Qe7 32. Nb3 Qh4 33. Rf3 Qg4 34.
Rd2 Qh4 35. Rf1 Qg3 36. Qxa5 Nxc5 37. Nxc5 Qe3 38. Qc3 Qxc3+ 39. bxc3 1-0

[Event "Mechanics' Winter TNM; 30/90, SD/30"]
[Site "San Francisco"]
[Date "2014.01.07"]
[Round "1.19"]
[White "Sarafian, Greg"]
[Black "Toziopolous, Stephen"]
[Result "1-0"]
[WhiteElo "1862"]
[BlackElo "1298"]
[PlyCount "67"]
[EventDate "2014.??.??"]

1. d4 d5 2. c4 c6 3. Nf3 Nf6 4. Nc3 Bf5 5. cxd5 cxd5 6. Qb3 Qb6 7. Nxd5 Nxd5 8.
Qxd5 Qb4+ 9. Bd2 Qxb2 10. Rc1 Be6 11. Qe4 Nd7 12. a4 Nf6 13. Qd3 Qb6 14. a5 Qd8
15. e4 a6 16. d5 Bd7 17. Qd4 Bb5 18. Bxb5+ axb5 19. O-O g6 20. Rb1 Bg7 21. Rxb5
Qd7 22. Rfb1 O-O 23. e5 Ne8 24. Rxb7 Qd8 25. Qc5 Rc8 26. Qb5 Nc7 27. Qb3 Nxd5
28. h3 e6 29. a6 Rc6 30. a7 Rb6 31. Rxb6 Nc7 32. Bb4 Re8 33. Bd6 Nd5 34. Rb8
1-0

[Event "Mechanics' Fall TNM; 30/90, SD/30"]
[Site "San Francisco"]
[Date "2014.11.25"]
[Round "5.4"]
[White "Sarafian, Greg"]
[Black "Uzzaman, Ashik"]
[Result "0-1"]
[WhiteElo "1926"]
[BlackElo "2015"]
[Annotator "Donaldson"]
[PlyCount "90"]
[EventDate "2014.??.??"]

{White was unlucky and due to a BART delay arrived 50 minutes late.} 1. d4 Nf6
2. c4 e6 3. Nc3 Bb4 4. e3 O-O 5. Bd3 d5 6. Nf3 b6 7. cxd5 Nxd5 8. Qc2 h6 9. e4
Nxc3 10. bxc3 Be7 11. O-O Bb7 12. Ne5 c5 13. Be3 Nc6 14. Nxc6 Bxc6 15. Rfd1 Qc7
16. Rac1 Bb7 17. Qd2 c4 18. Bb1 Ba3 19. e5 Bxc1 20. Rxc1 f5 21. exf6 Rxf6 22.
Qc2 Qc6 23. f3 Raf8 24. d5 Qxd5 25. Rd1 Qf5 26. Qa4 Qa5 27. Qc2 Bc6 28. Rd6 Qe5
29. Qd2 Bd5 30. Rd7 R6f7 31. Bd4 Qh5 32. Rxf7 Qxf7 33. Qc2 Qf5 34. Qc1 Qg5 35.
Be3 Qh5 36. Qc2 Rf6 37. Qe2 Qe5 38. Qd2 Qd6 39. Qc2 e5 40. Qa4 a5 41. Qc2 b5
42. Qf2 Qc6 43. Qg3 Qe6 44. Bc2 b4 45. cxb4 axb4 0-1

[Event "Mechanics' Winter TNM; 30/90, SD/30"]
[Site "San Francisco"]
[Date "2014.02.11"]
[Round "6.7"]
[White "Sarafian, Greg"]
[Black "Winslow, Elliott"]
[Result "0-1"]
[WhiteElo "1862"]
[BlackElo "2281"]
[PlyCount "87"]
[EventDate "2014.??.??"]

1. d4 Nf6 2. c4 g6 3. g3 Bg7 4. Bg2 O-O 5. Nc3 d6 6. Nf3 Nbd7 7. e4 e5 8. h3 c6
9. O-O a5 10. Qc2 Re8 11. Be3 exd4 12. Bxd4 Qe7 13. Rfe1 Ne5 14. Nd2 Be6 15. b3
Qd7 16. f4 Bxh3 17. fxe5 dxe5 18. Bf2 Bxg2 19. Kxg2 Ng4 20. Nf1 f5 21. Rad1 Qe6
22. Ne3 Nh6 23. c5 f4 24. Nf1 Rf8 25. Nh2 g5 26. Qe2 Nf7 27. Qg4 Qg6 28. Qf5
Qxf5 29. exf5 h5 30. g4 Nh6 31. Ne4 hxg4 32. Bg1 Rxf5 33. Rd7 g3 34. Nf3 g4 35.
Nfg5 Bf6 36. Nxf6+ Rxf6 37. Rxe5 Nf5 38. Ne4 Nh4+ 39. Kf1 g2+ 40. Ke2 Rg6 41.
Bd4 Nf3 42. Nf6+ Rxf6 43. Rg5+ Nxg5 44. Bxf6 0-1

[Event "Mechanics' Spring TNM; 30/90, SD/30"]
[Site "San Francisco"]
[Date "2014.03.18"]
[Round "1.29"]
[White "Schlosberg, Mark"]
[Black "Casares, Nick"]
[Result "0-1"]
[WhiteElo "1289"]
[BlackElo "1608"]
[PlyCount "66"]
[EventDate "2014.??.??"]

1. e4 e5 2. Nf3 Nc6 3. Bc4 Nf6 4. Nc3 Nxe4 5. Qe2 Nxc3 6. bxc3 d5 7. Bb5 Bg4 8.
h3 Bxf3 9. Bxc6+ bxc6 10. Qxf3 Bc5 11. O-O e4 12. Qe2 O-O 13. d3 f5 14. d4 Bd6
15. c4 f4 16. f3 e3 17. c5 Be7 18. g3 Qd7 19. Kg2 Rf6 20. g4 Rh6 21. Rb1 Bh4
22. Qa6 Qe7 23. Qe2 Re8 24. Ba3 Bg3 25. Rh1 Qh4 26. Rbf1 Rhe6 27. Bb4 Bf2 28.
Rxf2 exf2 29. Qxf2 Re2 30. Rf1 Qg3+ 31. Kh1 Rxf2 32. Rxf2 Qxf2 33. a4 Re2 0-1

[Event "Mechanics' SummerTNM; 30/90, SD/30"]
[Site "San Francisco"]
[Date "2014.06.24"]
[Round "5.38"]
[White "Schlosberg, Mark"]
[Black "Cole, Tony"]
[Result "0-1"]
[WhiteElo "1277"]
[BlackElo "1400"]
[PlyCount "59"]
[EventDate "2014.??.??"]

1. e4 e5 2. Nf3 Nc6 3. Bc4 h6 4. c3 Nf6 5. d3 Bc5 6. d4 $2 exd4 7. Nxd4 Ne5 8.
Nd2 d6 9. h3 Bd7 10. Qe2 Qe7 11. b4 Bb6 12. a4 O-O 13. a5 Bxd4 14. cxd4 Nxc4
15. O-O Nxd2 16. Bxd2 Qxe4 17. Qxe4 Nxe4 18. Be3 Rfe8 19. Rac1 c6 20. d5 Ng3
21. Rfe1 Nf5 22. Bxa7 cxd5 23. Rxe8+ Rxe8 24. Rc7 Bc6 25. b5 Bxb5 26. Rxb7 Bc4
27. Rb6 d4 28. a6 d3 29. Rb8 Rxb8 30. Bxb8 0-1

[Event "Mechanics' Winter TNM; 30/90, SD/30"]
[Site "San Francisco"]
[Date "2014.01.28"]
[Round "4.33"]
[White "Schlosberg, Mark"]
[Black "Cole, Tony"]
[Result "1-0"]
[WhiteElo "671"]
[BlackElo "1487"]
[Annotator "Donaldson"]
[PlyCount "103"]
[EventDate "2014.??.??"]

1. e4 e5 2. Nf3 Nc6 3. Bc4 h6 4. c3 Nge7 5. d4 d6 6. d5 Na5 7. Bd3 b6 8. b4 Nb7
9. Bb5+ Bd7 10. Qa4 a6 11. Bxd7+ Qxd7 12. Qxd7+ Kxd7 13. c4 b5 14. Nbd2 Ng6 15.
O-O Be7 16. cxb5 axb5 17. Nb1 Nh4 18. Nxh4 Bxh4 19. Nc3 c6 20. Bb2 Nd8 21. a3
Rb8 22. Rfc1 cxd5 23. Nxd5 Nc6 24. a4 bxa4 25. Rxa4 Rhc8 26. Rb1 Rb5 27. Ra6
Ke6 28. Nb6 Nxb4 29. Nxc8 Nxa6 30. Na7 Rb3 31. Nc6 Nc5 32. Na5 Rb6 33. Nc4 Rb4
34. Nd2 Bg5 35. Ba3 Ra4 36. Bxc5 dxc5 37. Nb3 Be7 38. g3 Rxe4 39. Rc1 Kd5 40.
Rd1+ Kc6 41. Kg2 Rb4 42. Nd2 Rd4 43. Kf1 c4 44. Ke2 c3 45. Nf3 Re4+ 46. Kd3 f5
47. Kxc3 Kb5 48. Rd5+ Kc6 49. Rxe5 g5 $2 (49... Bf6 50. Nd4+ Rxd4 51. Kxd4 Kd6
52. f4 Bxe5+ 53. fxe5+ Ke6) 50. Kd3 Kd6 51. Rxe4 fxe4+ 52. Kxe4 {
White won in a few moves.} 1-0

[Event "Mechanics' Spring TNM; 30/90, SD/30"]
[Site "San Francisco"]
[Date "2014.04.29"]
[Round "7.35"]
[White "Schlosberg, Mark"]
[Black "Cowgill, Jackie"]
[Result "1-0"]
[WhiteElo "1289"]
[BlackElo "1040"]
[PlyCount "78"]
[EventDate "2014.??.??"]

1. e4 e5 2. Nf3 Nc6 3. Bc4 Bc5 4. c3 Nf6 5. b4 Bb6 6. d3 d6 7. Bg5 Be6 8. Bxe6
fxe6 9. Bxf6 Qxf6 10. Nbd2 O-O-O 11. O-O d5 12. exd5 exd5 13. Qe2 Rhe8 14. a4
a6 15. a5 Ba7 16. Qd1 e4 17. d4 exf3 18. Qxf3 Qg5 19. Qh3+ Kb8 20. Nf3 Qe7 21.
Rfe1 Qd6 22. Rxe8 Rxe8 23. Qxh7 Nxb4 24. cxb4 Qxb4 25. Qb1 Qc3 26. Qd1 Re4 27.
Rc1 Qxa5 28. h3 Qa4 29. Qxa4 Bb6 30. Qd7 c6 31. Qxg7 Re8 32. Re1 Rc8 33. Qf7
Ka7 34. Re8 Rxe8 35. Qxe8 a5 36. h4 Ka6 37. Ne5 Bxd4 38. Nxc6 bxc6 39. Qxc6+
Bb6 1-0

[Event "Mechanics' SummerTNM; 30/90, SD/30"]
[Site "San Francisco"]
[Date "2014.06.10"]
[Round "3.34"]
[White "Schlosberg, Mark"]
[Black "Robertson, Guy"]
[Result "0-1"]
[WhiteElo "1277"]
[BlackElo "1524"]
[PlyCount "32"]
[EventDate "2014.??.??"]

1. e4 e6 2. d4 d5 3. Nc3 c6 4. e5 a6 5. Nf3 Bb4 6. a3 Ba5 7. b4 Bb6 8. Be3 Nd7
9. Bd3 Nf8 10. O-O Ne7 11. Bg5 Nfg6 12. Bxg6 hxg6 13. Qd2 Qc7 14. Bxe7 Qxe7 15.
Qg5 Qxg5 16. Nxg5 Bxd4 0-1

[Event "Mechanics' Spring TNM; 30/90, SD/30"]
[Site "San Francisco"]
[Date "2014.04.15"]
[Round "5.33"]
[White "Schlosberg, Mark"]
[Black "Zulkhuu, Jamyandagva"]
[Result "0-1"]
[WhiteElo "1289"]
[BlackElo "787"]
[PlyCount "26"]
[EventDate "2014.??.??"]

1. e4 e5 2. Nf3 Nc6 3. Bc4 Bc5 4. c3 Nf6 5. d3 d6 6. Ng5 O-O 7. b4 Bb6 8. O-O
Bg4 9. Qe1 h6 10. Nh3 Bxh3 11. gxh3 Qd7 12. Be3 Qxh3 13. Bxb6 Ng4 0-1

[Event "Mechanics' SummerTNM; 30/90, SD/30"]
[Site "San Francisco"]
[Date "2014.06.03"]
[Round "2.29"]
[White "Schlosberg, Max"]
[Black "Gomboluudev, Enkhjin"]
[Result "0-1"]
[WhiteElo "1162"]
[BlackElo "1533"]
[PlyCount "34"]
[EventDate "2014.??.??"]

1. e4 e5 2. Nf3 Nc6 3. Bc4 Bc5 4. c3 Qf6 (4... Nf6) (4... Qe7 5. O-O d6 6. d4
Bb6) 5. d3 (5. O-O d6 6. d4 exd4 (6... Bb6 7. Bg5 Qg6 8. dxe5 dxe5 9. Nxe5 $1
Qxg5 10. Nxf7 $18) 7. cxd4 Nxd4 $11) (5. d4 $1 exd4 6. e5 $1) 5... h6 6. O-O (
6. d4 $1 exd4 7. e5 $1) 6... d6 7. h3 $6 (7. Nbd2 Bg4 8. b4 Bb6 9. a4 a6 10.
Bb3 Nge7) 7... Nge7 8. Be3 Bb6 9. Na3 O-O 10. Nc2 Ng6 11. Qd2 $2 (11. d4) 11...
Bxh3 12. Bxh6 $2 gxh6 13. Qxh6 Bg4 14. Ng5 Qg7 15. Qh2 Nf4 16. Qh4 Be6 17. Nxe6
Qxg2# 0-1

[Event "Mechanics' Spring TNM; 30/90, SD/30"]
[Site "San Francisco"]
[Date "2014.03.18"]
[Round "1.21"]
[White "Schlosberg, Max"]
[Black "Lkhagvasuren, Zolboo"]
[Result "0-1"]
[WhiteElo "1180"]
[BlackElo "1802"]
[Annotator "Donaldson"]
[PlyCount "52"]
[EventDate "2014.??.??"]

1. e4 c5 2. Nc3 d6 3. f4 Nc6 4. Nf3 Nf6 5. Bc4 a6 6. a4 Bg4 7. h3 Bd7 8. d4
cxd4 9. Nxd4 e6 10. O-O Qb6 11. Be3 Qxb2 $2 12. Qd2 (12. Qd3 $1) 12... Qb4 13.
Be2 Rb8 14. Rfb1 Qa5 15. Nxc6 Bxc6 16. Bf3 $2 (16. Bb6 $18) 16... Qc7 17. Ba7
Rc8 18. Bb6 Qd7 19. Qe3 Be7 20. Ba5 O-O 21. Qb6 d5 22. exd5 Bxd5 23. Qb2 Bxf3
24. gxf3 Qd4+ 25. Kg2 Nh5 26. Bb6 Qxc3 0-1

[Event "Mechanics' SummerTNM; 30/90, SD/30"]
[Site "San Francisco"]
[Date "2014.05.27"]
[Round "1.23"]
[White "Schlosberg, Max"]
[Black "Nyangar, Enkhmaa"]
[Result "0-1"]
[WhiteElo "1162"]
[BlackElo "1807"]
[Annotator "Donaldson"]
[PlyCount "46"]
[EventDate "2014.??.??"]

1. e4 c5 2. Nc3 Nc6 3. f4 g6 4. Bc4 Bg7 5. Nf3 d6 6. O-O Na5 7. Bd5 e6 8. Bb3
Ne7 9. d4 cxd4 10. Nxd4 Qb6 11. Be3 Nxb3 12. axb3 Nc6 13. Nf5 $1 Qd8 14. Nxg7+
Kf8 15. Bd4 e5 16. fxe5 dxe5 {Diagram #} 17. Nf5 $6 (17. Bc5+ $1 Kxg7 18. Qf3
Be6 19. Rad1 Nd4 20. Rxd4 $1 exd4 21. Nd5 {gives White a winning attack.})
17... exd4 18. Nxd4 $2 Qxd4+ 19. Qxd4 Nxd4 20. Nd5 Be6 21. Nc7 Rc8 22. Nxe6+
Nxe6 23. Rxa7 Rxc2 0-1

[Event "Mechanics' Spring TNM; 30/90, SD/30"]
[Site "San Francisco"]
[Date "2014.04.08"]
[Round "4.36"]
[White "Schlosberg, Max"]
[Black "Oyuntseren, Togtokh"]
[Result "0-1"]
[WhiteElo "1180"]
[BlackElo "1372"]
[Annotator "Donaldson"]
[PlyCount "72"]
[EventDate "2014.??.??"]

1. e4 c5 2. Nc3 e5 (2... e6) (2... Nc6) 3. f4 $1 exf4 4. Nf3 a6 5. a4 Nc6 6.
Bc4 d6 7. d3 g5 8. O-O (8. h4 $1 g4 9. Ng5 $18) 8... Bg7 9. Re1 Be6 10. Bd5 h6
11. Bxc6+ bxc6 12. h3 Bd4+ 13. Nxd4 cxd4 14. Ne2 f3 15. Nxd4 fxg2 16. Nxe6 fxe6
17. Qg4 Qe7 18. Qh5+ Qf7 19. Qxf7+ Kxf7 20. Kxg2 Kg6 21. d4 Ne7 22. d5 e5 23.
c4 Rab8 24. Rd1 c5 25. Rd3 Rhf8 26. Raa3 Rb4 27. b3 Rb7 28. Rf3 Rxf3 29. Kxf3
Ng8 30. Bd2 Nf6 31. b4 $2 cxb4 32. Rb3 a5 33. Be3 Nd7 34. c5 dxc5 35. Rd3 c4
36. d6 cxd3 0-1

[Event "Mechanics' Spring TNM; 30/90, SD/30"]
[Site "San Francisco"]
[Date "2014.05.06"]
[Round "8.31"]
[White "Schlosberg, Max"]
[Black "Paquette, James"]
[Result "1/2-1/2"]
[WhiteElo "1180"]
[BlackElo "1331"]
[PlyCount "61"]
[EventDate "2014.??.??"]

1. e4 g6 2. d4 Bg7 3. c4 c5 4. d5 d6 5. Bd3 Qa5+ 6. Qd2 Qxd2+ 7. Kxd2 Nf6 8.
Ne2 O-O 9. Nbc3 e6 10. Kc2 Na6 11. a3 Nc7 12. Bf4 e5 13. Be3 a6 14. Na4 b5 15.
Nb6 Rb8 16. Nxc8 Rfxc8 17. f3 bxc4 18. Bxc4 Nb5 19. Rac1 Nd4+ 20. Kb1 Rb6 21.
Nc3 Nb5 22. Ka2 Rcb8 23. Nxb5 axb5 24. Bb3 Ra6 25. Bd2 b4 26. Bc4 Ra4 27. Kb3
Rba8 28. Bb5 R4a5 29. Bc4 Ra4 30. Bb5 R4a5 31. Bc4 1/2-1/2